| 000 | 00900nam a22002537a 4500 | ||
|---|---|---|---|
| 008 | 240821b mp ||||| |||| 00| 0 mon d | ||
| 035 | _a2234 | ||
| 040 |
_aDXO45059 _bmon _cMN-UlNLM _dMN-UlNLM _erda |
||
| 041 | _amon | ||
| 082 |
_210-t _a510.91 _bА.35 |
||
| 100 | _aАйгнэр Э. | ||
| 245 | 0 | _aАмьтад бидний найз нөхөд | |
| 245 | 0 | _bХүүхдийн танин мэдэхүйн цувралаас | |
| 245 | 0 | _c/Ред.Г.Болормаа ба бус. | |
| 264 |
_aУБ _bАдмон |
||
| 300 | _a20х. | ||
| 336 |
_2rdacontent _atext _btxt |
||
| 337 |
_2rdamedia _aunmediated _bn |
||
| 338 |
_2rdacarrier _avolume _bnc |
||
| 505 | _tбайгалийн ухаан; амьтан; амьтад бидний найз нөхөд; хүүхдийн танин мэдэхүйн цувралаас; 0 | ||
| 650 | _aСалбар | ||
| 942 |
_210-t _cBK |
||
| 999 |
_c1127653 _d1127710 |
||